| 000 | 00504nam a2200169 4500 | ||
|---|---|---|---|
| 001 | 107104 | ||
| 003 | ES-MaACL | ||
| 007 | t| | ||
| 008 | 061121s1903 sp r ||||1| spa d | ||
| 100 |
_aMorales y Alonso, Juan Pedro, _d1840-1904 _9223283 |
||
| 245 | 1 | 0 |
_aInstituciones de Derecho Canónico / _cpor Juan Pedro Morales Alonso. |
| 250 | _a2.ª ed. | ||
| 260 |
_aMadrid : _bJ. Góngora Alvarez, _c1903. |
||
| 300 |
_a2 v. ; _c22 cm. |
||
| 852 |
_aES-MaACL _jB-5496-7 |
||
| 999 |
_c107104 _d107104 |
||